|
|
|
|
| LEADER |
00000nam0a2200000 4500 |
| 001 |
363368 |
| 005 |
20231102011601.0 |
| 035 |
|
|
|a (RuTPU)RU\TPU\retro\20715
|
| 090 |
|
|
|a 363368
|
| 100 |
|
|
|a 20210928d1980 m y0rusy50 ca
|
| 101 |
0 |
|
|a rus
|
| 102 |
|
|
|a RU
|
| 105 |
|
|
|a a j 001zy
|
| 200 |
1 |
|
|a Проектирование карьеров
|e учебник для вузов
|f В. С. Хохряков
|
| 205 |
|
|
|a 2-е изд., перераб. и доп.
|
| 210 |
|
|
|a Москва
|c Недра
|d 1980
|
| 215 |
|
|
|a 336 с.
|c ил.
|
| 320 |
|
|
|a Алф.-предм. указ.: с. 333
|
| 606 |
1 |
|
|a Карьеры
|x Проектирование
|x Экономическая часть
|2 stltpush
|3 (RuTPU)RU\TPU\subj\39384
|9 59497
|
| 610 |
1 |
|
|a учебники
|
| 610 |
1 |
|
|a организация работы
|
| 610 |
1 |
|
|a методы
|
| 610 |
1 |
|
|a экономические основы
|
| 610 |
1 |
|
|a проекты
|
| 610 |
1 |
|
|a контуры
|
| 610 |
1 |
|
|a горные работы
|
| 610 |
1 |
|
|a производительность
|
| 610 |
1 |
|
|a генеральный план
|
| 610 |
1 |
|
|a вскрытие
|
| 610 |
1 |
|
|a защита
|
| 610 |
1 |
|
|a окружающая природная среда
|
| 610 |
1 |
|
|a нерудные строительные материалы
|
| 675 |
|
|
|a 622.271:658(075.8)
|v 4
|
| 700 |
|
1 |
|a Хохряков
|b В. С.
|g Владимир Степанович
|
| 801 |
|
1 |
|a RU
|b 63413507
|c 20210928
|
| 942 |
|
|
|c BK
|